| 000 | 01989nam a22003017a 4500 | ||
|---|---|---|---|
| 005 | 20250912090827.0 | ||
| 006 | a|||||r||||||||||| | ||
| 008 | s2018 |||ao||f |||| 00| 0 eng | | ||
| 020 | _a9780500292631 | ||
| 040 |
_aGR-AtMCL _beng |
||
| 100 |
_aNorth, Susan _910103 |
||
| 245 | 1 | 0 |
_a18th-century fashion in detail / _cSusan North ; photographs by Henrietta Clare and Richard Davis ; drawings by Leonie Davis and Deborah Mallinson. |
| 246 | 3 | _aEighteenth-century fashion in detail | |
| 250 | _aRevised and expanded edition. | ||
| 264 | 1 |
_aLondon ; _aNew York : _bThames & Hudson : _bVictoria & Albert Museum, _c2018. |
|
| 300 |
_a224 p. : _bill. (chiefly color) ; _c29 cm |
||
| 500 | _a"First published in the United Kingdom in 1998 by Victoria and Albert Museum, London" | ||
| 504 | _aIncludes bibliographical references (pages 220-222) and index. | ||
| 520 | 8 | _aThis book reveals the decorative seams, refined stitching, voluptuous drapery, strict corseting, slashing, and stamping that make up some of the garments in the Victoria and Albert Museum's superlative fashion collection. With an authoritative text, exquisite color photography of garment details, and line drawings showing the complete construction of each piece, the reader has the unique opportunity to examine up close historical clothing that is often too fragile to be on display. It is an inspirational resource for students, collectors, designers, and anyone who is fascinated by fashion and clothing. This new edition features an updated design, improved navigation, a comprehensive index, and an introduction that sets the examples in full historical context. | |
| 610 | 0 |
_aVictoria and Albert Museum _910105 |
|
| 650 | 0 |
_aFashion _vCatalogs _xHistory _y18th century _zGreat Britain _910104 |
|
| 650 | 0 |
_aFashion _99926 |
|
| 650 | 0 |
_aClothing and dress _xHistory _910087 |
|
| 700 |
_aClare, Henrietta _4600 _910106 |
||
| 710 |
_aVictoria and Albert Museum _910105 |
||
| 942 | _cBK | ||
| 999 |
_c9932 _d9932 |
||